Stephen King: The Stand Trivia #1 - Statistics

General Stats
  • This quiz has been taken 30 times
  • The average score is 7 of 11
Answer Stats
Hint Answer % Correct
A very cunning and evil man who organizes his manipulated and evil forces in Las Vegas. (He is commonly seen as a crow.) Randall Flagg
95%
A deaf man who uses a notepad to communicate. (He was played by Robe Lowe in the '90s miniseries.) Nick Andros
89%
The religious and very old women who comes to good people in their dreams. (She was played by Whoopi Goldberg in the 2020-21 show.) Mother Abigail
79%
The crazy pyromaniac with a "...dim and confusing grade school past..." (He explodes Randall's airplane.) The Trashcan Man
79%
An up-and-coming musician who visits his mother in Queens right when the virus started to spread. (His hit single song is: "Baby, Can You Dig Your Man?") Larry Underwood
74%
Young and pregnant women with a dry sense of humor. (She lived in Ogunquit, Maine.) Frannie Goldsmith
58%
A pimpled and odd acting teen who is also a local writer. (He gets put in the friend zone by Frannie.) Harold Lauder
58%
A woman who is found in New York City by Larry but falls for and becomes a part of the forces of Randall. (She is played by Laura San Giacomo in the miniseries.) Nadine Cross
47%
Veteran and small-towner who makes first contact with the virus. (He lived in the fictional town of Arnette, Texas) Stewart Redman
47%
Mentally challenged man who meets up with Nick Andros. (He spells everything as M-O-O-N.) Tom Cullen
47%
The MP who flees the Project Blue compound with his family and is the one responsible for letting the virus escape beyond the base. (He crashes in Arnette where Stu lived.) Charles Campion
37%
No matching quizzes found
Score Distribution
Percent of People with Each Score
Percentile by Number Answered
Your Score History
You have not taken this quiz